000 00904cam a22001934a 4500
005 20250605164046.0
008 250528s ||||||||||||||||||||||||d
035 _a17117
020 _a19520803
040 _aGR-AtMCL
_bgre
_dGR-AtMCL
_eAACR2
245 1 _aBayesian Statistics / An Introduction
260 _bOxford University Press,
_c1989
300 _a294
520 _aThe author presents the ideas behind Bayesian Statistics at a level suitable for advanced undergraduate or postgraduate students. Preface, Preliminaries, Bayesian Inference for the Normal Distribution, Some Other Common Distributions, Hypothesis Testing, Two-Sample Problems, Correlation and Regression and the Analysis of Variance, Other Topics, Appendix - Common Statistical Distributions, Tables, Further Reading, References, Index.
700 1 _aLee Peter M
_93261
942 _cBK
999 _c2557
_d2557